Morce para. (Record no. 75806)

MARC details
000 -LEADER
fixed length control field 00506cam a22002171 4500
001 - CONTROL NUMBER
control field sa 67006257
003 - CONTROL NUMBER IDENTIFIER
control field DLC
005 - DATE AND TIME OF LATEST TRANSACTION
control field 20260227112405.0
008 - FIXED-LENGTH DATA ELEMENTS--GENERAL INFORMATION
fixed length control field 890714s1966 ii 000 1 hino
010 ## - LIBRARY OF CONGRESS CONTROL NUMBER
LC control number sa 67006257
035 ## - SYSTEM CONTROL NUMBER
System control number (OCoLC)20009996
040 ## - CATALOGING SOURCE
Original cataloging agency DLC
Transcribing agency WaU
Modifying agency DLC
042 ## - AUTHENTICATION CODE
Authentication code premarc
050 00 - LIBRARY OF CONGRESS CALL NUMBER
Classification number PK2098.15.R5
Item number M6
100 0# - MAIN ENTRY--PERSONAL NAME
Personal name Brij Bhushan,
Dates associated with a name 1933-
245 10 - TITLE STATEMENT
Title Morce para.
260 ## - PUBLICATION, DISTRIBUTION, ETC.
Date of publication, distribution, etc. [1967 i.e. 1966]
300 ## - PHYSICAL DESCRIPTION
Extent 275 p.
Dimensions 19 cm.
500 ## - GENERAL NOTE
General note In Hindi.
500 ## - GENERAL NOTE
General note A novel.

No items available.

Powered by Koha